<?xml version="1.0" encoding="UTF-8"?>
<marc:record xmlns:marc="http://www.loc.gov/MARC21/slim">
   <marc:leader>00000nam a2200000 a 4500</marc:leader>
   <marc:datafield ind1="1" ind2=" " tag="100">
      <marc:subfield code="a">Kimpton, Diana</marc:subfield>
      <marc:subfield code="4">aut</marc:subfield>
      <marc:subfield code="e">Verfasser/-in</marc:subfield>
   </marc:datafield>
   <marc:datafield ind1=" " ind2=" " tag="653">
      <marc:subfield code="a">Antolin Klasse-3</marc:subfield>
   </marc:datafield>
   <marc:datafield ind1="0" ind2="0" tag="245">
      <marc:subfield code="a">Ellas Insel-Ferien</marc:subfield>
   </marc:datafield>
   <marc:datafield ind1=" " ind2="1" tag="264">
      <marc:subfield code="b">Egmont Schneider</marc:subfield>
      <marc:subfield code="c">2009</marc:subfield>
   </marc:datafield>
   <marc:datafield ind1="1" ind2=" " tag="490">
      <marc:subfield code="a">Die Pony-Prinzessin</marc:subfield>
   </marc:datafield>
   <marc:datafield ind1="1" ind2=" " tag="520">
      <marc:subfield code="a">Prinzessin Ella und ihre Freundin Kate sind verrückt nach Ponys! Selbst in den Ferien auf einer wunderschönen Insel suchen sie zuerst nach einem Reitstall. Dort treffen sie die eingebildete Prinzessin Clara, die immer alles besser weiß. Eine echte Nervensäge! Aber dann steckt Clara plötzlich in Schwierigkeiten. Jetzt braucht sie dringend Ellas und Kates Hilfe - und die von Mango, einem ganz besonderen Pony ...</marc:subfield>
   </marc:datafield>
   <marc:datafield ind1=" " ind2=" " tag="020">
      <marc:subfield code="a">9783505124143</marc:subfield>
      <marc:subfield code="9">9783505124143</marc:subfield>
   </marc:datafield>
</marc:record>
